• 首页
  • 本馆介绍
  • 公告通知
  • 最新文献
  • 馆藏检索
  • 电子资源
  • 读者导购
  • 参考咨询
  • 我的图书馆
  • 登录
  • 详细信息显示
  • 放入我的书架
  • 预约/预借图书
  • 作者相关作品
  • 分类相关作品
  • 丛书相关作品
  • 出版社相关作品

书目信息

  • 表格格式
  • 工作单格式
  • 卡片格式
题名:
课堂教学:思与行
    
 
作者: 胡振芳 主编
分册:  
出版信息: 北京   光明日报出版社  2018
页数: 234页
开本: 24cm
丛书名:
单 册:
中图分类: G622.421 , G424.21
科图分类:
主题词: 课堂教学--教学研究--小学 , 教学理论
电子资源:
ISBN: 978-7-5194-3798-5
000 00997nam0 2200241 450
001 4410
005 20180613154310.60
010    @a978-7-5194-3798-5@dCNY56.00
100    @a20180513d2018 em y0chiy50 ea
101 0  @achi
102    @aCN@b110000
105    @aa z 000yy
200 1  @a课堂教学:思与行@Ake tang jiao xue:si yu xing@9ke tang jiao xue@e思与行@f胡振芳主编
210    @a北京@c光明日报出版社@d2018
215    @a234页@c图@d24cm
330    @a本书以学校教师队伍在“教师工坊”一年中的研究活动为主要内容,汇集语文、数学、英语、艺术、体育、综合等多个学科的精彩课例及案例反思。全书围绕“行尚儒雅思求创新”这一办学理念,坚持“以校为本,以人为本,以师为本”理念。通过“工作坊”的形式,分享智慧和经验,进一步强化教师的学科基础知识与基本技能,培养学科专业素养和教学能力。
606 0  @a课堂教学@x教学研究@x小学
606 0  @a教学理论
690    @aG622.421@v5
690    @aG424.21@v4
701  0 @a胡振芳@9hu zhen fang@4主编
801  0 @aCN@b91MARC@c20180513
905    @aMuseLib@dG424.21@e349
    
    课堂教学:思与行:思与行/胡振芳主编.-北京:光明日报出版社,2018
    234页:图;24cm
    
    
    ISBN 978-7-5194-3798-5:CNY56.00
    本书以学校教师队伍在“教师工坊”一年中的研究活动为主要内容,汇集语文、数学、英语、艺术、体育、综合等多个学科的精彩课例及案例反思。全书围绕“行尚儒雅思求创新”这一办学理念,坚持“以校为本,以人为本,以师为本”理念。通过“工作坊”的形式,分享智慧和经验,进一步强化教师的学科基础知识与基本技能,培养学科专业素养和教学能力。
●
相关链接 在E读中查询图书 在五车中查询图书 在当当中查询图书 在豆瓣中查询图书


正题名:课堂教学:思与行     索取号:G424.21/349         预约/预借

序号 登录号 条形码 馆藏地/架位号 状态 备注
1 1117408   211174085   第一样本阅览室/ [索取号:G424.21/349] 在馆    
2 1117409   211174094   教育系资料室/ [索取号:G424.21/349] 在馆    
3 1117410   211174101   教育系资料室/ [索取号:G424.21/349] 在馆    
4 1117411   211174110   教育系资料室/ [索取号:G424.21/349] 在馆    
5 1117412   211174129   第四借阅区/ [索取号:G424.21/349] 在馆    
唐山师范学院图书馆 欢迎您!
大连网信软件有限公司© 版权所有